Biggest Cities in Mexico A-Z - Statistics

General Stats
  • This quiz has been taken 17 times
  • The average score is 12 of 26
Answer Stats
Letter Population City % Correct
G 1.400.000 Guadalajara
100%
M 8.900.000 Mexico City
94%
J 1.500.000 Juarez
88%
P 1.500.000 Puebla
88%
T 1.800.000 Tijuana
88%
D 620.000 Durango
71%
E 1.600.000 Ecatepec de Morelos
71%
L 1.600.000 Leon
65%
A 860.000 Aguascalientes
59%
C 920.000 Chihuahua
59%
Q 790.000 Queretaro
47%
R 690.000 Reynosa
47%
H 860.000 Hermosillo
41%
S 820.000 Saltillo
41%
X 450.000 Xalapa-Enriquez
41%
Z 1.300.000 Zapopan
41%
V 340.000 Villahermosa
35%
N 1.000.000 Nezahualcoyotl
24%
I 450.000 Irapuato
18%
U 300.000 Uruapan del Progreso
18%
F 140.000 Fresnillo
12%
B 310.000 Benito Juarez
6%
K 140.000 Kanasin
6%
O 390.000 Ojo de Agua
6%
W 100.000 Wisteria
0%
Y 16.000 Yaxcaba
0%
No matching quizzes found
Score Distribution
Percent of People with Each Score
Percentile by Number Answered
Your Score History
You have not taken this quiz